| 000 | 00933nam a22003137a 4500 | ||
|---|---|---|---|
| 003 | CHAP | ||
| 005 | 20220817041645.0 | ||
| 008 | 971013s1954 r 00010 d | ||
| 010 | _a20891 | ||
| 011 | _a21863 | ||
| 035 | _a25954 | ||
| 040 | _cCHAP | ||
| 090 | _aFolleto 5322 | ||
| 100 | 0 | 0 |
_aArroniz Sala, César. _97508 |
| 245 | _aAlcachofa o alcaucil | ||
| 260 |
_aMadrid : _bMinisterio de Agricultura, _c1954 |
||
| 300 |
_a16 p. _b: ilus |
||
| 490 |
_aHojas divulgadoras _v; 16-54 |
||
| 590 |
_aBATCH-UPD _b10 _c20130110 _lUCH01 _h0247 |
||
| 590 |
_aBATCH-UPD _b10 _c20130110 _lUCH01 _h2235 |
||
| 590 |
_aBATCH-UPD _b10 _c20130410 _lUCH01 _h1530 |
||
| 590 |
_aBATCH-UPD _b10 _c20130914 _lUCH01 _h1903 |
||
| 590 |
_aCONVERSION _b10 _c20130109 _lUCH01 _h1312 |
||
| 650 | 1 | 4 |
_aAlcachofas. _93531 |
| 830 | 0 |
_aHojas divulgadoras _v; 16-54 |
|
| 901 | _aBK | ||
| 942 | _cFOLL | ||
| 949 |
_aFolleto 5322 _bBC _cFOLL _d-59980 _eTS1 _i25954 _mD _si |
||
| 999 |
_c20891 _d20891 |
||